[Event "Cup Gold"]
[Site "masterchessopen.com Merano (Italy)"]
[Round "4"]
[White "Gerhards Walter (GER)"]
[Black "Gradl Rudolf"]
[Result "1-0"]
[WhiteElo "2140"]
[BlackElo "1716"]

1.e4 c5 2.Nf3 Nc6 3.d4 cxd4 4.Nxd4 g6 5.c4 Bg7 6.Be3 Nf6 7.Nc3 Ng4 8.Qxg4 Nxd4
9.Qd1 Ne6 10.Be2 O-O 11.O-O d6 12.Qd2 a5 13.Nd5 Nc5 14.f3 Bd7 15.Rac1 a4
16.Rfd1 Rb8 17.Bd4 f6 18.Bxc5 dxc5 19.Nxe7+ Qxe7 20.Qxd7 Qe5 21.Qd5+ Rf7
22.Qxe5 fxe5 23.Rd5 Bh6 24.Rc3 b6 25.Bd1 Ra7 26.Rcd3 Bg7 27.Kf1 Rbb7 28.Be2
Kf8 29.Ra3 Ke7 30.Ke1 Ke6 31.Kd1 Bh6 32.Kc2 Be3 33.Rxe3 {#r} 1-0

[Event "It (open)"]
[Site "masterchessopen.com Pamplona (Spain)"]
[Round "4"]
[White "Garbisu De Goni Unai (ESP)"]
[Black "Saenz Narciso Miguel Angel (ESP)"]
[Result "1-0"]
[WhiteElo "2436"]
[BlackElo "2096"]

1.e4 c5 2.Nf3 Nc6 3.d4 cxd4 4.Nxd4 g6 5.c4 Bg7 6.Be3 Nf6 7.Nc3 Ng4 8.Qxg4 Nxd4
9.Qd1 Ne6 10.Rc1 Qa5 11.a3 d6 12.Be2 Bd7 13.O-O g5 14.Bh5 Bc6 15.Qf3 O-O
16.Nd5 Bxd5 17.exd5 Nf4 18.Bxf4 gxf4 19.b4 Qb6 20.Rfe1 Be5 21.Bg4 a5 22.Bf5 e6
23.Bxh7+ Kxh7 24.Rxe5 dxe5 25.Qh5+ {#r} 1-0

[Event "Ch Europe (juniors) (under 12)"]
[Site "masterchessopen.com Peniscola (Spain)"]
[Round "2"]
[White "Lubbe Nicolas (GER)"]
[Black "Narmontas Matas (LTU)"]
[Result "0-1"]
[WhiteElo "2131"]
[BlackElo "2098"]

1.e4 c5 2.Nf3 Nc6 3.d4 cxd4 4.Nxd4 g6 5.c4 Bg7 6.Be3 Nf6 7.Nc3 Ng4 8.Qxg4 Nxd4
9.Qd1 Ne6 10.Qd2 d6 11.Be2 Bd7 12.O-O O-O 13.Rab1 Bc6 14.f3 Rc8 15.Nd5 b6
16.Rfc1 f5 17.exf5 gxf5 18.Rd1 Qe8 19.Nf4 Nxf4 20.Bxf4 Qg6 21.Kh1 Kh8 22.Be3
Rg8 23.Rg1 e5 24.b3 f4 25.Bf2 Bf8 26.Bd3 Qh5 27.Qe2 Rg5 28.Be4 Qxh2+ 29.Kxh2
Rh5+ 30.Bh4 Rxh4# 0-1

[Event "Ch Europe (juniors) (under 14)"]
[Site "masterchessopen.com Peniscola (Spain)"]
[Round "7"]
[White "Romanov Evgeny (RUS)"]
[Black "Mamedov Rauf (AZE)"]
[Result "1-0"]
[WhiteElo "2329"]
[BlackElo "2315"]

1.e4 c5 2.Nf3 Nc6 3.d4 cxd4 4.Nxd4 g6 5.c4 Bg7 6.Be3 Nf6 7.Nc3 Ng4 8.Qxg4 Nxd4
9.Qd1 Ne6 10.Rc1 d6 11.Bd3 O-O 12.O-O a5 13.b3 Bd7 14.Bb1 Bc6 15.f4 Nc5 16.e5
b6 17.exd6 Qxd6 18.Qxd6 exd6 19.Rfd1 Rfe8 20.Bf2 Rad8 21.Nd5 Bxd5 22.Rxd5 Re2
23.Rc2 Re6 24.Kf1 Rde8 25.Rcd2 Bc3 26.Rd1 Bb4 27.f5 gxf5 28.Bxf5 Ne4 29.Bxe4
Rxe4 30.Bxb6 Re1+ 31.Rxe1 Rxe1+ 32.Kf2 Ra1 33.a4 Ra2+ {#r} 1-0

[Event "It (b)"]
[Site "masterchessopen.com Serpukhov (Russia)"]
[Round "11"]
[White "Cherkasova Marina (RUS)"]
[Black "Postnova Ekaterina (RUS)"]
[Result "0-1"]
[WhiteElo "2176"]
[BlackElo "2226"]

1.e4 c5 2.Nf3 Nc6 3.d4 cxd4 4.Nxd4 g6 5.c4 Bg7 6.Be3 Nf6 7.Nc3 Ng4 8.Qxg4 Nxd4
9.Qd1 Ne6 10.Rc1 d6 11.Bd3 Qa5 12.a3 Bd7 13.O-O g5 14.Qh5 Be5 15.Nd5 Bxb2
16.Bxg5 Bxc1 17.Bxc1 Qc5 18.Bb2 Rf8 19.e5 dxe5 20.Qxe5 Rc8 21.Bc3 Qd6 22.Qe3
Qc5 23.Qd2 Bc6 24.Bb4 Qd4 25.Nxe7 Bxg2 26.Qd1 Bxf1 27.Nxc8 Bxd3 28.Nd6+ Kd8
29.Nxb7+ Kc7 30.Bxf8 Nxf8 31.Qf3 Be4 32.Qxf7+ Nd7 {#R} 0-1

[Event "Ch Scotland"]
[Site "masterchessopen.com Stirling (Scotland)"]
[Round "3"]
[White "Kafka Graeme (SCO)"]
[Black "Spencer Edwin (SCO)"]
[Result "0-1"]
[WhiteElo "2116"]
[BlackElo "2197"]

1.e4 c5 2.Nf3 g6 3.d4 cxd4 4.Nxd4 Bg7 5.c4 Nc6 6.Be3 Nf6 7.Nc3 Ng4 8.Qxg4 Nxd4
9.Qd1 Ne6 10.Rc1 b6 11.Bd3 O-O 12.O-O Bb7 13.f3 Qe8 14.Qd2 f5 15.Nd5 Qf7
16.exf5 gxf5 17.Bxf5 Bxd5 18.cxd5 Qxf5 19.dxe6 Qxe6 20.Rc7 Bxb2 21.Rxd7 Be5
22.Rd3 Bd6 23.f4 Rf5 24.Bd4 Kf7 25.Rg3 Rg8 26.Rxg8 Kxg8 27.Rf3 Rd5 28.Qe3 Qf5
29.Rg3+ Kf8 30.Qb3 Bxf4 31.Rd3 Qe4 32.Qd1 Rxd4 {#R} 0-1

[Event "Ch Pan-American (juniors) (under 16)"]
[Site "masterchessopen.com Villa Giardino"]
[Round "2"]
[White "Obregon Andres Carlos (ARG)"]
[Black "Alonso Raphael (BRA)"]
[Result "1-0"]
[WhiteElo "2223"]
[BlackElo "2100"]

1.e4 c5 2.Nf3 Nc6 3.d4 cxd4 4.Nxd4 g6 5.c4 Bg7 6.Be3 Nf6 7.Nc3 Ng4 8.Qxg4 Nxd4
9.Qd1 Ne6 10.Qd2 Qa5 11.Rc1 b6 12.Be2 Bb7 13.f3 d6 14.b3 g5 15.Nd5 Qxd2+
16.Kxd2 Kd7 17.g3 h5 18.h4 Be5 19.Rcg1 f6 20.Rh3 Rh7 21.Rgh1 Rah8 22.Kd3 gxh4
23.f4 Bb2 24.Rxh4 Ng7 25.f5 e6 26.fxe6+ Kxe6 27.g4 Be5 28.gxh5 f5 29.h6 Ne8
30.exf5+ Kxf5 31.Rf1+ {#r} 1-0

[Event "Ch Pan-American (juniors) (under 18)"]
[Site "masterchessopen.com Villa Giardino"]
[Round "4"]
[White "Schneider Dmitry (USA)"]
[Black "Liascovich Lucas (ARG)"]
[Result "0-1"]
[WhiteElo "2414"]
[BlackElo "2308"]

1.e4 c5 2.Nf3 Nc6 3.d4 cxd4 4.Nxd4 g6 5.c4 Bg7 6.Be3 Nf6 7.Nc3 Ng4 8.Qxg4 Nxd4
9.Qd1 e5 10.Nb5 O-O 11.Qd2 Nxb5 12.cxb5 Qc7 13.Be2 d6 14.O-O {#R} 0-1

[Event "Ch Portugal (team)"]
[Site "masterchessopen.com Portugal"]
[Date "2002.08.16"]
[Round "6"]
[White "Spraggett Kevin (CAN)"]
[Black "Maze Sebastien (FRA)"]
[Result "1-0"]
[WhiteElo "2526"]
[BlackElo "2407"]

1.e4 c5 2.Nf3 Nc6 3.d4 cxd4 4.Nxd4 g6 5.c4 Bg7 6.Be3 Nf6 7.Nc3 Ng4 8.Qxg4 Nxd4
9.Qd1 Ne6 10.Qd2 O-O 11.Rc1 d6 12.Bd3 a5 13.b3 Nc5 14.Bb1 Be6 15.O-O Qb6 16.f4
Bxc3 17.Qxc3 f5 18.e5 Rfd8 19.Rfe1 Kf7 20.Bf2 Qb4 21.Qe3 Rac8 22.g4 fxg4 23.f5
gxf5 24.Qh6 d5 25.cxd5 Rxd5 26.Rc4 Qb6 27.Bxf5 Qc6 28.Qxh7+ Ke8 29.Bh4 Rc7
30.Bg6+ Kd7 31.Qxe7+ {#r} 1-0

[Event "It (open)"]
[Site "masterchessopen.com Abudhabi (United Arab Emirates)"]
[Round "9"]
[White "Rahman Ziaur (BAN)"]
[Black "Abdelnabbi Imed (EGY)"]
[Result "0-1"]
[WhiteElo "2535"]
[BlackElo "2464"]

1.Nf3 c5 2.c4 g6 3.d4 Bg7 4.e4 cxd4 5.Nxd4 Nc6 6.Be3 Nf6 7.Nc3 Ng4 8.Qxg4 Nxd4
9.Qd1 Ne6 10.Bd3 Bxc3+ 11.bxc3 Qa5 12.O-O Qxc3 13.Rc1 Qa3 14.Qd2 b6 15.f4 Bb7
16.Bb1 d6 17.Rf3 Qa4 18.Qb2 f6 19.Rg3 Qc6 20.e5 dxe5 21.f5 Nf4 22.c5 b5
23.Bxf4 exf4 24.Rb3 Rd8 25.Rxb5 Ba6 26.Rb4 Qxc5+ 27.Kh1 Qd6 28.Qb3 Kf8 29.Re4
gxf5 30.Re6 Qd2 31.Rce1 Rg8 32.Qf3 Bc4 {#R} 0-1

[Event "It (open)"]
[Site "masterchessopen.com Arco (Italy)"]
[Round "7"]
[White "Luciani Carlo (ITA)"]
[Black "Molzahn Norbert (GER)"]
[Result "0-1"]
[WhiteElo "2217"]
[BlackElo "2123"]

1.e4 c5 2.Nf3 Nc6 3.d4 cxd4 4.Nxd4 g6 5.c4 Bg7 6.Be3 Nf6 7.Nc3 Ng4 8.Qxg4 Nxd4
9.Qd1 Ne6 10.Rc1 O-O 11.Bd3 b6 12.O-O Bb7 13.f3 Bd4 14.Bxd4 Nxd4 15.Bb1 e5
16.f4 d6 17.Qe1 Re8 18.Bd3 exf4 19.Rxf4 Qg5 20.Qh4 Nf3+ {#R} 0-1

[Event "It (open) \"]
[Site "masterchessopen.com Aviles (Spain)"]
[Round "6"]
[White "Wojtaszek Radoslaw (POL)"]
[Black "Alonso Alvarez Aitor (ESP)"]
[Result "1-0"]
[WhiteElo "2536"]
[BlackElo "2111"]

1.e4 c5 2.Nf3 Nc6 3.d4 cxd4 4.Nxd4 g6 5.c4 Bg7 6.Be3 Nf6 7.Nc3 Ng4 8.Qxg4 Nxd4
9.Qd1 Nc6 10.Rc1 d6 11.Bd3 Ne5 12.O-O O-O 13.Be2 Be6 14.Nd5 f5 15.exf5 Bxf5
16.Qd2 Qd7 17.Rfe1 Be6 18.h3 Rfc8 19.b3 Kh8 20.f4 Nc6 21.Rcd1 Qe8 22.Bf3 Qf8
23.b4 Nd8 24.Rc1 Bxd5 25.cxd5 Qf6 26.Bg4 Rxc1 27.Rxc1 h5 28.Bd7 Kh7 29.f5 Nf7
30.Rf1 g5 31.Be6 b6 32.Qe2 h4 33.Qh5+ Kg8 34.Bxg5 {#r} 1-0

[Event "Ch Europe (team) (juniors) (under 18) (g)"]
[Site "masterchessopen.com Balatonlelle (Hungary)"]
[Round "2"]
[White "Ciobanu Camelia (ROM)"]
[Black "Congiu Mathilde (FRA)"]
[Result "0-1"]
[WhiteElo "2227"]
[BlackElo "2084"]

1.e4 c5 2.Nf3 Nc6 3.d4 cxd4 4.Nxd4 g6 5.c4 Bg7 6.Be3 Nf6 7.Nc3 Ng4 8.Qxg4 Nxd4
9.Qd1 e5 10.Bd3 O-O 11.O-O d6 12.Qd2 Be6 13.Ne2 f5 14.Nxd4 exd4 15.Bg5 Qd7
16.Rfe1 Rae8 17.f3 fxe4 18.fxe4 Rf7 19.Bh4 b6 20.Bf2 Ref8 21.Rf1 Qc6 22.a4 Be5
23.b3 Bf4 24.Qb2 Qc5 25.Kh1 Qh5 26.Bg1 Be5 27.Rxf7 Rxf7 28.Qd2 Rf4 29.Be2 Rf2
30.Bxh5 Rxd2 31.Bd1 Rb2 32.a5 bxa5 33.Rxa5 Rb1 34.Bc2 Rc1 35.Bd3 Bf4 {#R} 0-1

[Event "Ch Belgium (team) 2002/03"]
[Site "masterchessopen.com Belgium"]
[Round "6"]
[White "Jens Jelmer (NED)"]
[Black "De Bruycker Bernard (BEL)"]
[Result "1-0"]
[WhiteElo "2366"]
[BlackElo "2209"]

1.e4 g6 2.d4 Bg7 3.c4 c5 4.Nf3 cxd4 5.Nxd4 Nc6 6.Be3 Nf6 7.Nc3 Ng4 8.Qxg4 Nxd4
9.Qd1 Nc6 10.Qd2 d6 11.Be2 Qa5 12.Rc1 Be6 13.b3 Rc8 14.O-O O-O 15.Rfd1 h5
16.f3 Kh7 17.Rc2 Qb4 18.Qc1 Bxc3 19.Rxc3 Ne5 20.f4 Ng4 21.Bxg4 hxg4 22.f5 Bd7
23.Rd5 b5 24.Bd2 e6 25.Rc2 bxc4 26.Bxb4 exd5 27.Qg5 gxf5 28.Bc3 f6 29.Bxf6
{#r} 1-0

[Event "Ch Belgium (team) 2002/03"]
[Site "masterchessopen.com Belgium"]
[Round "9"]
[White "Verduyn Frederic (BEL)"]
[Black "Goossens Etienne (BEL)"]
[Result "1-0"]
[WhiteElo "2303"]
[BlackElo "2283"]

1.Nf3 c5 2.c4 g6 3.d4 cxd4 4.Nxd4 Bg7 5.e4 Nc6 6.Be3 Nf6 7.Nc3 Ng4 8.Qxg4 Nxd4
9.Qd1 e5 10.Nb5 O-O 11.Qd2 Qe7 12.Be2 Nxe2 13.Qxe2 d6 14.Rd1 Qh4 15.O-O f5
16.exf5 Rxf5 17.g3 Qh3 18.Rxd6 b6 19.Rd8+ Bf8 20.Nd6 Rh5 21.f3 Bf5 22.Rxa8 Bd3
23.Qg2 Bxf1 24.Qxh3 Bxh3 25.g4 {#r} 1-0

[Event "It (open)"]
[Site "masterchessopen.com Bergheim (Germany)"]
[Round "1"]
[White "Bock Andreas (GER)"]
[Black "Obere Roman Franz (GER)"]
[Result "1-0"]
[WhiteElo "2172"]
[BlackElo "1988"]

1.e4 c5 2.Nf3 Nc6 3.d4 cxd4 4.Nxd4 g6 5.c4 Bg7 6.Be3 Nf6 7.Nc3 Ng4 8.Qxg4 Nxd4
9.Qd1 Ne6 10.Qd2 Qa5 11.Be2 g5 12.O-O b6 13.Rac1 Bb7 14.f3 h5 15.Rfd1 d6 16.a3
Qe5 17.b4 Bh6 18.c5 bxc5 19.bxc5 Rd8 20.Bb5+ Kf8 21.c6 Ba8 22.Nd5 Rc8 23.c7
Bxd5 24.exd5 Nc5 25.Bd4 g4 26.Bxe5 Bxd2 27.Rxd2 Nb3 28.Bxh8 {#r} 1-0

[Event "It (open) \"]
[Site "masterchessopen.com Bratislava (Slovakia)"]
[Round "0"]
[White "Matejovic Juraj (SVK)"]
[Black "Hazir Svetozar (SVK)"]
[Result "1-0"]
[WhiteElo "2204"]
[BlackElo "2094"]

1.e4 c5 2.Nf3 Nc6 3.d4 cxd4 4.Nxd4 g6 5.c4 Bg7 6.Be3 Nf6 7.Nc3 Ng4 8.Qxg4 Nxd4
9.Qd1 Ne6 10.Qd2 O-O 11.Bd3 d6 12.O-O Nc5 13.Be2 a5 14.f3 Bd7 15.Rab1 Bc6
16.Rfc1 a4 17.b4 axb3 18.axb3 Ra3 19.Bd1 Qa8 20.b4 Ne6 21.b5 Bd7 22.Nd5 Re8
23.Nb6 Qa7 24.Bf2 Rd8 {#r} 1-0

[Event "Ch Europe (juniors) (under 18)"]
[Site "masterchessopen.com Budva (Yugoslavia)"]
[Round "2"]
[White "Borisek Jure (SLO)"]
[Black "Tronenkovs Valdis (LAT)"]
[Result "1-0"]
[WhiteElo "2489"]
[BlackElo "2247"]

1.e4 c5 2.Nf3 Nc6 3.d4 cxd4 4.Nxd4 g6 5.c4 Bg7 6.Be3 Nf6 7.Nc3 Ng4 8.Qxg4 Nxd4
9.Qd1 Ne6 10.Rc1 Qa5 11.Be2 b6 12.O-O Bb7 13.f3 Bxc3 14.Rxc3 Qxa2 15.Bd4 Qxb2
16.Bxh8 O-O-O 17.Bd4 Nxd4 18.Qxd4 Qxe2 19.Rcc1 Qa2 20.Ra1 Qb3 21.Rfb1 e5
22.Qd2 {#r} 1-0

[Event "It \"]
[Site "masterchessopen.com Buenos Aires (Argentina)"]
[Round "2"]
[White "Meyer Falko (GER)"]
[Black "Nedilsky Diego (ARG)"]
[Result "1-0"]
[WhiteElo "2337"]
[BlackElo "2335"]

1.e4 c5 2.Nf3 g6 3.d4 cxd4 4.Nxd4 Bg7 5.c4 Nc6 6.Be3 Nf6 7.Nc3 Ng4 8.Qxg4 Nxd4
9.Qd1 Ne6 10.Qd2 Qa5 11.Rc1 b6 12.Be2 Bb7 13.f3 h5 14.O-O g5 15.Rfd1 d6 16.c5
bxc5 17.Bb5+ Kf8 18.Bc4 Qb4 19.Bxe6 fxe6 20.a3 Qc4 21.Nd5 Qb3 22.Nxe7 Kxe7
23.Qxd6+ Kf6 24.Qxc5 Bh6 25.Bd4+ Kg6 26.Bxh8 Rxh8 27.Rd6 Rf8 28.Rc4 Bc8 29.Rb4
Qa2 30.Rb8 g4 31.Rd1 gxf3 32.gxf3 Rxf3 33.Kh1 Bd7 34.Rg1+ Kf7 35.Qxh5+ {#r}
1-0

[Event "It (open)"]
[Site "masterchessopen.com Curasao (Netherlands)"]
[Round "5"]
[White "Greenfeld Alon (ISR)"]
[Black "Malmdin Nils-Ake (SWE)"]
[Result "1-0"]
[WhiteElo "2547"]
[BlackElo "2200"]

1.Nf3 Nf6 2.c4 c5 3.Nc3 Nc6 4.d4 cxd4 5.Nxd4 g6 6.e4 Bg7 7.Be3 Ng4 8.Qxg4 Nxd4
9.Qd1 Nc6 10.Rc1 d6 11.Bd3 O-O 12.O-O b6 13.Qd2 Ne5 14.Be2 Ba6 15.b3 Bb7
16.Rfd1 f5 17.exf5 Rxf5 18.Nd5 Rf7 19.f4 Nd7 20.Bg4 Nf8 21.b4 e6 22.Nc3 Rd7
23.Nb5 h5 24.Bh3 Bc6 25.Nd4 Bxd4 26.Bxd4 Be4 27.Bb2 Bf5 28.Bxf5 gxf5 29.Qd4 e5
30.Qd5+ Kh7 31.fxe5 dxe5 32.Qf3 {#r} 1-0

[Event "Ch France (juniors) (under 14)"]
[Site "masterchessopen.com France"]
[Round "7"]
[White "Huang Hao (FRA)"]
[Black "Pile Richard (FRA)"]
[Result "1-0"]
[WhiteElo "2098"]
[BlackElo "2259"]

1.e4 c5 2.Nf3 Nc6 3.d4 cxd4 4.Nxd4 g6 5.c4 Bg7 6.Be3 Nf6 7.Nc3 Ng4 8.Qxg4 Nxd4
9.Qd1 Ne6 10.Bd3 O-O 11.O-O Bxc3 12.bxc3 Qa5 13.f4 Qxc3 14.f5 Ng7 15.Rc1 Qe5
16.Bb1 d6 17.Bd4 Qa5 18.f6 exf6 19.Bxf6 Qc5+ 20.Bd4 Qh5 21.Qd2 b6 22.Bf6 Be6
23.Qd4 Qh6 24.Be7 Rfc8 25.Bxd6 Ne8 26.Bf4 Qg7 27.e5 Rd8 28.Qe3 Rac8 29.Bh6 Qh8
30.c5 bxc5 31.Rxc5 Rxc5 32.Qxc5 Rc8 33.Qf8# 1-0

[Event "Ch Norway"]
[Site "masterchessopen.com Fredrikstad (Norway)"]
[Round "7"]
[White "Ostenstad Berge (NOR)"]
[Black "Djurhuus Rune (NOR)"]
[Result "0-1"]
[WhiteElo "2506"]
[BlackElo "2473"]

1.d4 Nf6 2.Nf3 g6 3.c4 c5 4.Nc3 cxd4 5.Nxd4 Nc6 6.e4 Bg7 7.Be3 Ng4 8.Qxg4 Nxd4
9.Qd1 Ne6 10.Rc1 Qa5 11.Bd3 b6 12.O-O Bb7 13.a3 g5 14.f3 Qe5 15.Rf2 h5 16.b4
Rc8 17.h4 f5 18.exf5 Qxe3 19.fxe6 O-O 20.Rc2 dxe6 21.Qd2 Bd4 22.Kh1 Rf4 {#R}
0-1

[Event "It (open) (juniors) (under 20)"]
[Site "masterchessopen.com Hengelo (Netherlands)"]
[Round "9"]
[White "Nabuurs Joep (NED)"]
[Black "Tonoli Benjamin (BEL)"]
[Result "1-0"]
[WhiteElo "2206"]
[BlackElo "2086"]

1.e4 c5 2.Nf3 g6 3.d4 cxd4 4.Nxd4 Bg7 5.c4 Nc6 6.Be3 Nf6 7.Nc3 Ng4 8.Qxg4 Nxd4
9.Qd1 Ne6 10.Rc1 d6 11.Be2 O-O 12.O-O Bd7 13.Qd2 a5 14.Rfd1 Bc6 15.Nd5 Nc5
16.f3 Re8 17.Bf1 b6 18.b3 Qb8 19.Bd4 Ra7 20.Bxg7 Kxg7 21.Qd4+ Kg8 22.Qe3 Kg7
23.g3 Qb7 24.e5 dxe5 25.Qxe5+ f6 26.Qc3 Raa8 27.a3 a4 28.b4 Nb3 29.Rb1 Rad8
30.f4 Rd6 31.Bg2 b5 32.Ne3 Bxg2 33.Nxg2 bxc4 34.Ne3 Qf3 35.Nf5+ {#r} 1-0

[Event "Ch Poland (juniors) (under 20) (g)"]
[Site "masterchessopen.com Jarnoltowek (Poland)"]
[Round "4"]
[White "Zawadzka Jolanta (POL)"]
[Black "Toma Katarzyna (POL)"]
[Result "1-0"]
[WhiteElo "2329"]
[BlackElo "2230"]

1.e4 c5 2.Nf3 Nc6 3.d4 cxd4 4.Nxd4 g6 5.c4 Bg7 6.Be3 Nf6 7.Nc3 Ng4 8.Qxg4 Nxd4
9.Qd1 Ne6 10.Qd2 b6 11.Bd3 Bb7 12.O-O O-O 13.f3 f5 14.exf5 gxf5 15.Rad1 Qe8
16.Rfe1 Qh5 17.Nd5 Rae8 18.Bc2 Qh4 19.Bf2 Qxc4 20.Bb3 Qc8 21.Nf4 Kh8 22.Bxe6
dxe6 23.Nxe6 Bf6 24.Rc1 Qb8 25.Bg3 Qa8 26.Nxf8 Rxf8 27.Rc7 Rd8 28.Rd7 Rxd7
29.Qxd7 Qc8 30.Qxc8+ Bxc8 31.Be5 Kg7 32.Bxf6+ Kxf6 33.Rc1 Ke6 34.a3 b5 35.Rc6+
{#r} 1-0

[Event "Ch Spain (team)"]
[Site "masterchessopen.com Lanzarote (Spain)"]
[Round "3"]
[White "Franco Ocampos Zenon (PAR)"]
[Black "Martin Gonzalez Angel (ESP)"]
[Result "1-0"]
[WhiteElo "2526"]
[BlackElo "2365"]

{ Martin Gonzalez Angel (ESP) +0 =1 -0 } 1.Nf3 g6 2.c4 Bg7 3.d4 c5 4.e4 cxd4
5.Nxd4 Nc6 6.Be3 Nf6 7.Nc3 Ng4 8.Qxg4 Nxd4 9.Qd1 Ne6 10.Rc1 Qa5 11.Bd3 { ?/= }
11...b6 12.a3 ( 12.O-O Bb7 13.Qd2 g5 14.b3 h5 15.Rfd1 Bc6 16.Nd5 Qxd2 17.Rxd2
Be5 18.b4 f6 19.Be2 Kf7 20.h3 h4 21.Bd1 Rhd8 22.Bb3 Ke8 23.a4 Rac8 24.Rcd1 Bb7
25.f3 Nf8 26.Rc2 Ng6 27.a5 bxa5 28.bxa5 Bb8 29.Nb4 Ne5 30.a6 Ba8 31.c5 Bc6 {
...1-0, Kovacevic Aleksandar 2525 - Ljubojevic Ljubomir 2565 , Belgrade 1997
It (cat.18) } ) ( 12.Qd2 Bb7 13.O-O g5 14.a3 h5 15.b4 Qxa3 16.Nd5 Qb2 17.Rc2
Qe5 18.Ra2 h4 19.h3 Rg8 20.Rd1 Bh8 21.Be2 Bc6 22.Bf3 Kf8 23.Qc2 Qb8 24.Bg4 Be5
25.f3 d6 26.Kh1 Qb7 27.Qd2 Bxd5 28.Qxd5 Qxd5 29.cxd5 Nf4 30.Bd7 Bc3 31.b5 Bb4
{ ...1-0, Anand Viswanathan 2765 - Ljubojevic Ljubomir 2565 , Monte Carlo 1997
It "Melody Amber" (blindfold) } ) 12...Bb7 ( 12...g5 13.O-O Qe5 14.b4 Bb7
15.Nd5 h5 16.Qd2 Rc8 17.f3 h4 18.Rf2 Rg8 19.Kh1 Bh8 20.a4 Qd6 21.Qd1 Be5
22.Bf1 Bxh2 23.Rd2 Qb8 24.c5 bxc5 25.bxc5 Bc6 26.Rb1 Qe5 27.Ba6 Rd8 28.Nb4 Bf4
29.Nxc6 dxc6 30.Rxd8+ Nxd8 31.Bd4 Qe6 32.Qe2 { ...0-1, Ruiz Carlos - Gonzalez
Bernal 2380 , San Jose 1996 Ch Costa Rica } ) 13.O-O g5 ( 13...Bc6 14.f4 Nc5
15.Bb1 Na4 16.Nxa4 Bxa4 17.Qe2 O-O 18.b4 Qa6 19.b5 Qb7 20.Bd3 a5 21.e5 Rab8
22.Bd4 d6 23.Be4 Qc7 24.Qb2 dxe5 25.fxe5 Rfd8 26.Rxf7 Rxd4 27.Rxg7+ Kxg7
28.Qxd4 Rd8 29.Qc3 Qc5+ 30.Kh1 Bxb5 31.h3 Ba6 { 1/2-1/2, Fogarasi Tibor 2445 -
Seres Lajos 2435 , Hungary 1994 Ch Hungary (team) 1993/94 } ) ( 13...O-O
14.Rc2 Qe5 { -0.15 CAP } ) 14.Bd2 ( 14.Rc2 Bxc3 15.Rxc3 Qe5 16.Re1 h5 17.Bd2
Rh6 18.h4 Rg6 19.hxg5 Nxg5 20.Qxh5 Qg7 21.Kf1 Ne6 22.g3 O-O-O 23.Be3 Rh8
24.Qf3 Rh2 25.c5 Rf6 26.cxb6+ Kd8 27.Bf4 Nd4 28.Qe3 Qg4 29.Qxd4 Qf3 30.Qxd7+ {
1-0, Leko Peter 2635 - Piket Jeroen 2630 , Tilburg 1997 It (cat.17) } ) (
14.Nb5 Bxb2 15.Rb1 Be5 16.Bd2 Qa6 17.Bxg5 Bc6 18.Be3 Bxb5 19.Rxb5 Bd4 20.Bxd4
Nxd4 21.Rd5 Ne6 22.c5 b5 23.Qb3 Nc7 24.Rg5 Qe6 25.Qc3 O-O-O 26.Rb1 Rhg8
27.Rxg8 Rxg8 28.g3 Qa2 29.Ra1 Qe6 30.a4 bxa4 31.Rxa4 Rg5 32.Rxa7 f6 33.Qa5 Qc6
{ ...1-0, Ye Jiangchuan 2540 - Silva Fernando 2375 , Macau 1996 Match
"Portugal-China" } ) ( 14.Qd2 h5 15.b4 Qxa3 16.Nd5 Qb2 17.Rc2 Qe5 18.Ra2 h4
19.h3 Rg8 20.Rd1 Bh8 21.Be2 Bc6 22.Bf3 Kf8 23.Qc2 Qb8 24.Bg4 Be5 25.f3 d6
26.Kh1 Qb7 27.Qd2 Bxd5 28.Qxd5 Qxd5 29.cxd5 Nf4 30.Bd7 Bc3 31.b5 Bb4 32.Bxb6
axb6 33.Rxa8+ Kg7 { ...1-0, Anand Viswanathan 2765 - Ljubojevic Ljubomir 2565
, Monte Carlo 1997 It "Melody Amber" (blindfold) } ) ( 14.f3 O-O { +0.64 CAP }
) 14...Qe5 { -0.06 CAP } 15.b4 h5 { N } ( 15...Rc8 16.Nd5 h5 17.Bc3 Qb8 18.Qd2
Rg8 19.Bxg7 Rxg7 20.Qb2 f6 21.Rfe1 Qe5 22.Qxe5 fxe5 23.Ne3 Nf4 24.Bb1 g4
25.Nf5 Rg6 26.g3 Nh3+ 27.Kf1 Ng5 28.Nh4 Rf6 29.Bd3 e6 30.c5 bxc5 31.Rxc5 Rxc5
32.bxc5 Ke7 33.Re2 Bc6 34.Ke1 Kd8 35.Kd2 { ...0-1, Aslanian Ludmila K 2210 -
Ankerst Milka 2195 , Debrecen 1992 Ch Europe (team) } ) 16.Nd5 g4 { ?! } (
16...Qd6 { !? } 17.Be3 Bc6 18.Qe2 h4 { } ) 17.f4 gxf3 { ?! } ( 17...Qb2 { !? }
18.Be3 Bd4 19.Bxd4 Qxd4+ { } ) 18.Qxf3 f6 19.Bc3 Qg5 20.Rce1 { ?! } ( 20.Rc2 {
!? } 20...Kd8 21.c5 bxc5 22.bxc5 { } ) 20...Kd8 21.Qf2 h4 22.Qc2 Rg8 { ?! } (
22...h3 { !? } 23.g3 d6 24.Qd1 Qh5 { } ) 23.Rf5 Qh6 24.Qe2 { ! } ( 24.Qd1 { ?
} 24...Ng5 25.c5 e6 26.Rxf6 { } ) 24...Bf8 { ?! } ( 24...Rc8 { !? } 25.Rh5 Nf4
26.Nxf4 Qxf4 { } ) 25.e5 { ! } ( 25.Rh5 { ? } 25...Nf4 26.Nxf4 Qxf4 27.c5 { }
) 25...Bxd5 26.cxd5 Nf4 { ?! } ( 26...h3 { !? } 27.g3 Ng7 28.exf6 Nxf5 { } )
27.Rxf4 Qxf4 28.exf6 exf6 29.Rf1 { ! } ( 29.Qe8+ { ? } ) 29...Qg4 30.Bxf6+ Kc7
31.Be5+ { } {#r} 1-0

[Event "It (open)"]
[Site "masterchessopen.com Le Touquet (France)"]
[Round "6"]
[White "Croenne Olivier (FRA)"]
[Black "Weemaes Ronald (BEL)"]
[Result "0-1"]
[WhiteElo "2051"]
[BlackElo "2300"]

1.e4 c5 2.Nf3 Nc6 3.d4 cxd4 4.Nxd4 g6 5.c4 Bg7 6.Be3 Nf6 7.Nc3 Ng4 8.Qxg4 Nxd4
9.Qd1 Ne6 10.Rc1 Qa5 11.Qd2 b6 12.Be2 Bb7 13.f3 g5 14.O-O h5 15.Rfd1 d6 16.a3
h4 17.b4 Qxa3 18.Nd5 Qb2 19.Rc2 Qe5 20.c5 bxc5 21.bxc5 dxc5 22.Nf6+ Bxf6
23.Qd7+ Kf8 24.Qxb7 Kg7 25.Rd5 Qa1+ 26.Rc1 Qb2 27.Qa6 Nc7 {#R} 0-1

[Event "Ch Asia (juniors) (g)"]
[Site "masterchessopen.com Negombo (Sri Lanka)"]
[Round "6"]
[White "Saheli Nath (IND)"]
[Black "Mahima Rajmohan (IND)"]
[Result "1-0"]
[WhiteElo "2130"]
[BlackElo "1991"]

1.e4 c5 2.Nf3 Nc6 3.d4 cxd4 4.Nxd4 g6 5.c4 Bg7 6.Be3 Nf6 7.Nc3 Ng4 8.Qxg4 Nxd4
9.Qd1 Ne6 10.Rc1 O-O 11.Bd3 d6 12.O-O Nc5 13.Bb1 Be6 14.Qe2 Rc8 15.b3 Qe8
16.f4 f5 17.Nb5 a6 18.Nd4 Bd7 19.exf5 gxf5 20.b4 Na4 21.Qf3 e5 22.Qd5+ Kh8
23.fxe5 Bxe5 24.Qf3 Rf7 25.Qh5 f4 26.Bg6 Kg8 27.Bxf7+ Qxf7 28.Qxf7+ Kxf7
29.Ne2 Kg8 30.Bxf4 Bb2 31.Rc2 Bf5 32.Rd2 Rxc4 33.Bh6 Rh4 34.Rxd6 {#r} 1-0

[Event "It (open)"]
[Site "masterchessopen.com Nice (France)"]
[Round "6"]
[White "Orndahl Mats (SWE)"]
[Black "Mrdja Milan (CRO)"]
[Result "0-1"]
[WhiteElo "2190"]
[BlackElo "2420"]

1.Nf3 g6 2.d4 Bg7 3.c4 c5 4.e4 cxd4 5.Nxd4 Nc6 6.Be3 Nf6 7.Nc3 Ng4 8.Qxg4 Nxd4
9.Qd1 Ne6 10.Qd2 Qa5 11.Rc1 b6 12.Be2 Bb7 13.f3 g5 14.O-O h5 15.Rfd1 d6 16.Nd5
Qxd2 17.Rxd2 Rc8 18.b3 Be5 19.g3 h4 20.Kg2 Rg8 21.g4 f6 22.Bf1 Kf7 23.Rb1 Nc5
24.b4 Nd7 25.Rd3 e6 26.Nc3 Ke7 27.Nb5 f5 28.exf5 exf5 29.h3 fxg4 30.hxg4 Rcf8
31.Nd4 Bxd4 32.Bxd4 Rh8 33.Re3+ {#R} 0-1

[Event "It (open)"]
[Site "masterchessopen.com San Salvador (El Salvador)"]
[Round "4"]
[White "Lievano Luis (ESA)"]
[Black "Murillo Alexis (CRC)"]
[Result "1-0"]
[WhiteElo "2105"]
[BlackElo "2346"]

1.Nf3 Nf6 2.c4 c5 3.Nc3 Nc6 4.d4 cxd4 5.Nxd4 g6 6.e4 Bg7 7.Be3 Ng4 8.Qxg4 Nxd4
9.Qd1 e5 10.Bd3 O-O 11.O-O d6 12.Qd2 Ne6 13.Rfd1 f5 14.f3 Qh4 15.Nb5 f4 16.Bf2
Qh5 17.Nxa7 Rxa7 18.Bxa7 g5 19.Be2 Nd4 20.Bxd4 exd4 21.Qa5 Be6 22.Rac1 Rf6
23.Qd8+ {#r} 1-0